| 000 | 00571nam a22002057a 4500 | ||
|---|---|---|---|
| 003 | Ost | ||
| 005 | 20201204115820.0 | ||
| 008 | 201204b ||||| |||| 00| 0 eng d | ||
| 020 | _a9789352130405 | ||
| 040 | _cBT-PhCST | ||
| 050 | _a23798-23802 | ||
| 082 |
_222 _a005.133 _bDEY |
||
| 100 | _aDey, Sukhendu. | ||
| 245 | _aComputer fundamentals and C programming for beginners / | ||
| 260 |
_aMumbai : _bShroff Publishers & Distributors, _c2015. |
||
| 300 |
_axxvi, 441 p. : _bill. ; _c23 cm. |
||
| 500 | _aIncludes index. | ||
| 700 | _aGhosh, Mridul | ||
| 942 |
_2ddc _cECE |
||
| 999 |
_c7958 _d7958 |
||